[Event "Olympiad-36"]
[Site "Mallorca"]
[Date "2004.10.25"]
[Round "10"]
[White "Michelakis, George"]
[Black "Sharavdorj, Dashzeveg"]
[Result "1/2-1/2"]
[WhiteElo "2438"]
[BlackElo "2466"]
[Annotator "CB"]
[PlyCount "69"]
[EventDate "2004.10.15"]
[EventType "team-swiss"]
[EventRounds "14"]
[EventCountry "ESP"]
[SourceTitle "CBM 104"]
[Source "ChessBase"]
[SourceDate "2005.01.27"]
[SourceVersion "1"]
[SourceVersionDate "2005.01.27"]
[SourceQuality "1"]
[WhiteTeam "South Africa"]
[BlackTeam "Mongolia"]
[WhiteTeamCountry "RSA"]
[BlackTeamCountry "MGL"]

1. d4 Nf6 2. c4 e6 3. Nc3 Bb4 4. e3 c5 5. Bd3 O-O 6. a3 Bxc3+ 7. bxc3 Nc6 8.
Ne2 b6 9. e4 Ne8 10. O-O Ba6 11. f4 f6 12. Rb1 Na5 13. Ng3 Bxc4 14. Bxc4 Nxc4
15. f5 cxd4 16. cxd4 b5 17. Rxb5 Rc8 18. fxe6 dxe6 19. Rh5 e5 20. d5 g6 21. Rh3
Qd7 22. Bh6 Rf7 23. Nh1 Ncd6 24. Nf2 Rc4 25. Qb1 Qc8 26. Rb3 Rfc7 27. Rb8 Qd7 {
#} 28. h3 (28. Ng4 $1 $18) 28... Rc8 29. Ng4 Qe7 30. Rxc8 Rxc8 31. Qb4 Rc4 32.
Qb8 Rc8 33. Qb4 Rc4 34. Qb8 Rc8 35. Qb4 1/2-1/2

[Event "Bishkek zt"]
[Site "Bishkek"]
[Date "1993.??.??"]
[Round "?"]
[White "Yurtaev, Leonid"]
[Black "Serper, Grigory"]
[Result "0-1"]
[WhiteElo "2540"]
[BlackElo "2590"]
[Annotator "Chekhov,V"]
[PlyCount "136"]
[EventDate "1993.??.??"]
[EventType "tourn"]
[EventRounds "13"]
[EventCountry "KGZ"]
[EventCategory "7"]
[SourceTitle "CBM 035"]
[Source "ChessBase"]
[SourceDate "1993.08.01"]
[SourceVersion "1"]
[SourceVersionDate "1993.08.01"]
[SourceQuality "1"]

1. d4 Nf6 2. c4 e6 3. Nc3 Bb4 4. a3 Bxc3+ 5. bxc3 c5 6. e3 Nc6 7. Bd3 O-O (7...
e5 8. Ne2 O-O 9. O-O d6 10. e4 b6 11. d5 (11. h3 $6 Ba6 12. f4 exd4 13. cxd4
cxd4 14. Ng3 Nd7 15. Bb2 Nc5 $15 {Vyzhmanavin-Chernin/SSSR/1984/}) 11... Na5 (
11... Ne7 $14) 12. Ng3 Rb8 13. a4 Re8 14. h3 Nd7 15. Nf5 $14 {
Vyzhmanavin-Beliavsky/SSSR/1984/}) 8. Ne2 b6 9. e4 Ne8 10. h4 $5 $13 (10. O-O
Ba6 11. f4 f5 (11... Na5 12. f5 f6 13. Nf4 cxd4 14. fxe6 $5 dxc3 15. e5 $36 {
Polugaevsky-Timman/Tilburg/1983/}) 12. Ng3 (12. exf5 exf5 13. dxc5 bxc5 14. Ng3
g6 15. Be3 d6 16. Bxf5 gxf5 17. Qd5+ Rf7 18. Qxc6 Bb7 $1 19. Qa4 h5 $17 {
Hollis-Hovde/corr/1991/}) 12... g6 (12... Nd6 13. Re1 (13. exf5 Nxf5 14. dxc5
bxc5 15. Bxf5 exf5 16. Qd5+ Kh8 17. Nxf5 Qf6 18. Nd6 Qxc3 19. Rb1 Qd4+ 20. Qxd4
cxd4 21. Bd2 $14 {Bagirov-Neverov/SSSR/1985/}) (13. dxc5 $13) 13... Bxc4 14.
Bxc4 Nxc4 15. exf5 cxd4 16. Qd3 N6a5 17. cxd4 Qf6 $1 $15 {Piket-Salov/Dortmund/
1992/}) (12... Ne7 13. exf5 Nxf5 14. Nxf5 exf5 15. dxc5 bxc5 16. Rb1 $1 Rb8 17.
Be3 d6 18. Qa4 Rxb1 19. Rxb1 Qc8 20. Bf2 $132 {Martin-Short/Commonwealth/1985/}
) 13. Be3 Nd6 (13... Na5 14. dxc5 Nxc4 15. Bxc4 Bxc4 16. Rf2 $14) 14. exf5 (14.
dxc5 $13) 14... Nxc4 15. Bxc4 Bxc4 16. fxg6 Bxf1 17. Qh5 Qe7 18. Rxf1 $44 {
Yusupov-Karpov/London m/1989/}) 10... Ba6 11. e5 d6 (11... Na5 $6 12. Bg5 $1 f6
13. Qc2 $16 {Chernin,A}) 12. Qc2 $5 $146 (12. Bg5 Qc7 13. Qc2 $5 (13. f4 Na5
14. Ng3 Bxc4 $17 {Holland-Chernin/London/1989/}) 13... h6 14. exd6 $13 {Chernin
}) 12... h6 13. Bh7+ Kh8 14. Be4 Rc8 15. Qa4 Na5 16. Bb1 (16. Bg5 $5) 16...
dxe5 17. dxe5 Bxc4 18. Qc2 f5 $8 19. exf6 Nxf6 20. Bg5 Bb3 $1 (20... Qc7 21.
Nf4 $36) 21. Bxf6 (21. Qg6 Qe8 $17) 21... Bxc2 22. Bxd8 Bxb1 23. Bxb6 axb6 24.
Rxb1 Nc4 $17 25. h5 Ra8 26. Rh4 Nxa3 27. Rb2 $142 (27. Rxb6 $5 Nc2+ 28. Kd1
Rxf2 29. Kxc2 Rxe2+ 30. Kd3 Rxg2 31. Rxe6) 27... e5 28. Re4 b5 $1 29. f3 Nc4
30. Rc2 (30. Rxb5 $2 Nd6 $19) 30... Kg8 31. Kf2 Ra1 32. Ng3 Rf4 $6 (32... Kf7
$5) 33. Ree2 Rf6 34. Ne4 Rc6 35. Ra2 Rxa2 36. Rxa2 b4 37. Ra8+ Kf7 38. Ra7+ Kf8
39. Ra8+ Ke7 40. Ra7+ Kf8 41. Ra8+ Ke7 42. Ra7+ Kd8 43. Rb7 Rb6 44. Rxb6 Nxb6
45. Nxc5 bxc3 46. Ke2 Nd5 47. g3 (47. Ne6+ Ke7 48. Nxg7 c2 (48... Nf4+ $1 49.
Kd1 Kf6 50. Ne8+ Kg5 $17) 49. Kd2 Ne3 50. g4 Kf7 51. Nf5 Nxf5 52. gxf5 Kf6 53.
Kxc2 $10) 47... Ke7 48. Kd3 Nf6 49. Kxc3 (49. g4 Kd6 50. Nb7+ Kd5 51. Kxc3 e4
$17) 49... Nxh5 50. g4 Nf6 51. Kc4 (51. Kd3 Kd6 {/\ Kd5}) 51... g6 52. Nd3 e4
53. fxe4 Nxg4 54. Kd4 Kf6 55. e5+ (55. Nf4 h5 {/\h4,g5-+}) 55... Kf5 56. Kd5 g5
57. e6 Nf6+ 58. Kd6 g4 $19 59. Ne1 h5 60. Ng2 g3 61. e7 Ke4 62. Nh4 Ne8+ 63.
Kd7 Ng7 64. Kd6 (64. e8=Q+ Nxe8 65. Kxe8 Kf4 $19) 64... Kf4 65. Kd5 Kg4 66. Ng2
Kf3 67. Nh4+ Kf2 68. Ke4 g2 0-1

[Event "Minsk Boleslavsky Memorial"]
[Site "Minsk"]
[Date "1994.??.??"]
[Round "6"]
[White "Ryskin, Alexander"]
[Black "Luther, Thomas"]
[Result "1-0"]
[WhiteElo "2500"]
[BlackElo "2515"]
[Annotator "Chekhov,V"]
[PlyCount "87"]
[EventDate "1994.02.??"]
[EventType "tourn"]
[EventRounds "11"]
[EventCountry "BLR"]
[EventCategory "10"]
[SourceTitle "CBM 042"]
[Source "ChessBase"]
[SourceDate "1994.10.01"]
[SourceVersion "1"]
[SourceVersionDate "1994.10.01"]
[SourceQuality "1"]

1. d4 e6 2. c4 Nf6 3. Nc3 Bb4 4. a3 Bxc3+ 5. bxc3 c5 6. e3 O-O 7. Bd3 Nc6 8.
Ne2 b6 9. O-O Ba6 10. e4 Ne8 11. f4 f5 12. Ng3 (12. exf5 exf5 13. dxc5 bxc5 14.
Ng3 g6 15. Be3 d6 16. Bxf5 gxf5 17. Qd5+ Rf7 18. Qxc6 Bb7 $1 19. Qa4 h5 $17 {
Hollis,A-Hovde,F/corr/1991/0-1 (52)}) 12... g6 (12... fxe4 $5 13. Nxe4 cxd4 14.
cxd4 Nf6 $1 15. d5 exd5 16. cxd5 Bxd3 17. Qxd3 Nxe4 18. Qxe4 Qf6 $1 $10 {
Yusupov,A-Beliavsky,A/Groningen/1992/0,5 (23)}) (12... Nd6 13. Re1 Bxc4 14.
Bxc4 Nxc4 15. exf5 cxd4 16. Qd3 $1 N6a5 17. cxd4 Qf6 18. fxe6 dxe6 19. Ra2 $132
{Piket,J-Salov,V/Dortmund/1992/0-1 (55)}) 13. Re1 $5 $146 (13. Be3 cxd4 (13...
Nd6 14. exf5 Nxc4 15. Bxc4 Bxc4 16. fxg6 Bxf1 17. Qh5 Qe7 18. Rxf1 $44 {
Yusupov,A-Karpov,A/London(m/3)/1989/0-1 (61)}) (13... d6 14. d5 Ne7 15. exf5
gxf5 16. Nh5 Nf6 17. dxe6 $14 {Yusupov,A-Salov,V/Linares/1993/0,5 (41)}) 14.
cxd4 d5 15. cxd5 Bxd3 16. Qxd3 fxe4 17. Qxe4 Qxd5 18. Qxd5 exd5 19. Rac1 Rc8
20. f5 Nd6 21. fxg6 hxg6 22. Rxf8+ Kxf8 23. h4 $1 $13 {Yusupov,A-Karpov,A/
Linares/1993/0-1 (40)}) 13... Na5 (13... Nd6 $5) 14. exf5 exf5 15. dxc5 bxc5
16. Be3 Rc8 (16... Qc7 $6 17. Bxf5 $1 $16) (16... d6 $5) 17. Bf2 Nf6 (17... Nd6
18. Bf1 Ndxc4 19. Qd5+ $16) 18. Qa4 Ng4 (18... d5 19. Rad1 Bxc4 20. Bxc4 Nxc4
21. Qxa7 $13) 19. Ra2 Bb7 (19... d5 20. Rd1) 20. Nf1 d5 21. Ne3 Nxe3 22. Bxe3
Bc6 (22... dxc4 23. Bf1 {/\ Rd2}) 23. Qd1 dxc4 (23... Nxc4 24. Bxc5) 24. Bf1
Qxd1 25. Rxd1 Be4 (25... Ba4 26. Rd5 Bb3 27. Rad2) 26. Rb2 Bd3 27. Rb5 Bxf1 (
27... Nb3 $4 28. Bxd3) (27... Nc6 28. Rxc5 $16) 28. Rxa5 Bd3 29. Bxc5 $14 Rfe8
30. Rd2 $1 a6 31. Bd4 Rc6 32. Rd5 g5 $2 (32... Kf7 $5 33. Rb2 Rce6) 33. fxg5 h6
34. h4 hxg5 35. hxg5 Kh7 36. g4 $1 Kg6 (36... fxg4 37. Rh2+ Kg8 $16 (37... Kg6
38. Rh6+ $18)) 37. gxf5+ Bxf5 (37... Kxg5 38. f6+ $18) 38. Rf2 Bd3 (38... Be4
39. Ra5) 39. Rf6+ Rxf6 40. gxf6 Re2 (40... Re6 $5) 41. Ra5 $6 (41. Rd6 $1)
41... Be4 (41... Re6) 42. Rxa6 Ra2 43. Ra7 Bd5 44. Rg7+ 1-0

[Event "Vladivostok Zaitsev Memorial"]
[Site "Vladivostok"]
[Date "1995.??.??"]
[Round "1"]
[White "Yurtaev, Leonid"]
[Black "Tunik, Gennady"]
[Result "1-0"]
[WhiteElo "2505"]
[BlackElo "2515"]
[Annotator "Chekhov,V"]
[PlyCount "67"]
[EventDate "1995.09.??"]
[EventType "tourn"]
[EventRounds "9"]
[EventCountry "RUS"]
[EventCategory "9"]
[SourceTitle "CBM 050"]
[Source "ChessBase"]
[SourceDate "1996.02.01"]
[SourceVersion "1"]
[SourceVersionDate "1996.02.01"]
[SourceQuality "1"]

1. d4 {Baburin} Nf6 2. c4 e6 3. Nc3 Bb4 4. a3 Bxc3+ 5. bxc3 c5 6. e3 Nc6 7. Bd3
O-O 8. Rb1 $5 {/N/} (8. Ne2 $5) (8. Nf3 $5) (8. e4 $5 cxd4 9. cxd4 Nxd4 10. e5
Qa5+ 11. Kf1 Ne8 (11... Qxe5 12. Bb2 $18) 12. Bb2 Nc6 13. Nf3 f5 14. Qc2 Qd8
15. Rg1 b6 16. g4 $1 fxg4 17. Bxh7+ Kh8 18. Rxg4 Rxf3 19. Be4 Rh3 20. Rd1 Bb7
21. Rd3 Rh4 22. Qe2 $40 {Zayac,E-Kaiumov,D/Vladivostok/1994/1|0/38/}) 8... b6 (
8... d6 $5 9. Ne2 e5) 9. e4 Ne8 (9... cxd4 10. cxd4 Nxd4 11. e5 $36) 10. Nf3 (
10. Ne2 Ba6 11. O-O Na5 $36) 10... cxd4 {Baburin: This game shows how
dangerous it can be to open the centre for the White Bishops...} (10... Ba6 11.
Be3 d6 12. O-O Na5 13. Nd2 $14) 11. cxd4 Ba6 12. e5 $1 (12. Be3 $5 Nd6 13. Qe2
Na5 14. Nd2 Rc8 15. Rc1 Ndxc4 16. Nxc4 Nxc4 17. Rxc4 $1 (17. Bxc4 $2 Rxc4 18.
Rxc4 d5 $17) 17... Bxc4 18. Bxc4 $16) 12... f5 (12... Na5 $2 13. Bxh7+ $1 Kxh7
14. Ng5+ Kg6 15. h4 $18) 13. Bd2 Rc8 (13... d6 14. exd6 Nxd6 15. Qa4 Qc8 16.
O-O $16) 14. Qa4 Na5 (14... Bb7 15. d5 Ne7 (15... exd5 16. cxd5 Nxe5 17. Nxe5
Qe7 18. f4 d6 19. Qd7 (19. Qd4 $5 dxe5 20. fxe5 $36) 19... Qxd7 20. Nxd7 Rf7
21. Nxb6 axb6 22. Rxb6 Bxd5 23. O-O $14) 16. Qxa7 $18) 15. Bxa5 bxa5 16. O-O
Qc7 17. Rfc1 $16 Bb7 18. Qd1 g6 (18... d6 19. exd6 Nxd6 20. c5 Ne4 21. Bc4 Bd5
22. Bxd5 exd5 23. Qb3 $16) 19. d5 Ng7 (19... d6 $6 20. Ng5 Ng7 21. exd6 $18)
20. Bf1 Ba8 21. d6 Qd8 22. c5 f4 23. Ba6 Rb8 24. Rxb8 Qxb8 25. Nd4 $18 Nf5 26.
c6 Qb6 (26... Nxd4 27. c7 Qb6 28. c8=Q Rxc8 29. Rxc8+ Kg7 30. Rxa8 Qxa6 31.
Qxd4 $18) (26... dxc6 27. Nxe6 $18) 27. Nxf5 gxf5 28. cxd7 $1 Qxa6 29. Qh5 Qb6
30. Qg5+ Kh8 31. Qe7 Kg8 (31... Rg8 32. Qf6+ $18) (31... Rd8 32. Qxd8+ Qxd8 33.
Rc8 $18) 32. Qxe6+ Kg7 33. Qe7+ Kg8 34. e6 1-0

[Event "Groningen"]
[Site "Groningen"]
[Date "1992.??.??"]
[Round "1"]
[White "Jussupow, Artur"]
[Black "Beliavsky, Alexander G"]
[Result "1/2-1/2"]
[WhiteElo "2640"]
[BlackElo "2595"]
[Annotator "Ftacnik,L"]
[PlyCount "45"]
[EventDate "1992.12.??"]
[EventType "tourn"]
[EventRounds "9"]
[EventCountry "NED"]
[EventCategory "14"]
[SourceTitle "CBM 034"]
[Source "ChessBase"]
[SourceDate "1993.06.01"]
[SourceVersion "1"]
[SourceVersionDate "1993.06.01"]
[SourceQuality "1"]

1. d4 Nf6 2. c4 e6 3. Nc3 Bb4 4. e3 c5 5. Bd3 O-O 6. a3 Bxc3+ 7. bxc3 Nc6 8.
Ne2 b6 9. O-O Ba6 10. e4 Ne8 11. f4 f5 12. Ng3 fxe4 $5 $146 13. Nxe4 cxd4 14.
cxd4 Nf6 $1 (14... Nxd4 15. Ng5 Nf6 16. Bb2 Nf5 17. Qe2 Qe7 $1 18. g4 (18. Bxf5
Qc5+) 18... Qc5+ 19. Rf2 Nh4 20. Rd1 {/\Bd4}) 15. d5 (15. Ng5 Na5 16. Qc2 h6
17. Bb2 Rc8 {xc4}) 15... exd5 16. cxd5 Bxd3 17. Qxd3 Nxe4 18. Qxe4 Qf6 $1 19.
Bb2 (19. dxc6 Qxa1 20. cxd7 Rad8 21. Qe6+ Kh8 22. Be3 Qf6 23. f5 Qf7 24. Rd1
Qxf5 $17) 19... Qxb2 20. dxc6 dxc6 21. Qxc6 Qd4+ 22. Kh1 Rad8 23. Rae1 1/2-1/2

[Event "Ostrava"]
[Site "Ostrava"]
[Date "1992.??.??"]
[Round "9"]
[White "Hoi, Carsten"]
[Black "Kveinys, Aloyzas"]
[Result "1-0"]
[WhiteElo "2445"]
[BlackElo "2545"]
[Annotator "Ftacnik,L"]
[PlyCount "49"]
[EventDate "1992.09.??"]
[EventType "tourn"]
[EventRounds "11"]
[EventCountry "CZE"]
[EventCategory "9"]
[SourceTitle "CBM 033"]
[Source "ChessBase"]
[SourceDate "1993.04.01"]
[SourceVersion "1"]
[SourceVersionDate "1993.04.01"]
[SourceQuality "1"]

1. d4 Nf6 2. c4 e6 3. Nc3 Bb4 4. e3 O-O 5. Bd3 c5 6. a3 Bxc3+ 7. bxc3 Nc6 8.
Ne2 b6 9. e4 Ne8 10. O-O Ba6 11. f4 Na5 (11... f5 12. exf5 (12. Ng3 g6 (12...
Nd6 13. Re1 Bxc4 14. Bxc4 Nxc4 15. exf5 cxd4 16. Qd3 N6a5 17. cxd4 Qf6 18. fxe6
dxe6 19. Ra2 Rad8 20. Rae2 Qxd4+ 21. Qxd4 Rxd4 22. Rxe6 Rd7 23. f5 Nb3 24. a4
$13 {Piket,J-Salov,V/Dortmund (7)/1992/}) (12... Ne7 13. a4 Rc8 14. Qe2 cxd4
15. cxd4 Nd6 16. Ba3 fxe4 17. Nxe4 Ndf5 18. Nd6 Nxd6 19. Bxd6 Rf7 20. a5 bxa5
21. Bxe7 Rxe7 22. Ra4 Rf7 23. Qe4 g6 24. Rfa1 $36 {Deze,A-Schlemermeyer,W/
Delmenhorst/1988/}) 13. dxc5 (13. Be3 d6 (13... Nd6 14. exf5 Nxc4 15. Qe2 (15.
Bxc4 Bxc4 16. fxg6 Bxf1 17. Qh5 Qe7 18. Rxf1 hxg6 19. Qxg6+ Qg7 20. Qd3 cxd4
21. cxd4 Qh7 22. Qb5 a6 23. Qb3 Ne7 24. Rf3 $13 {Yusupov,A-Karpov,An (3)/
London cs/1989/}) 15... Nxe3 16. Qxe3 cxd4 17. cxd4 Bxd3 18. Qxd3 exf5 19. d5
Na5 20. Rfe1 Qf6 21. Qb5 Rf7 22. Rad1 Qd6 23. Re5 Qxa3 24. Qe2 $17 {Doering,
T-Komarov,D/Dortmund Op-A (9)/1992/}) 14. d5 Ne7 15. dxe6 Ng7 16. exf5 gxf5 17.
Re1 Qe8 18. Bf2 Rf6 19. Ra2 Rd8 20. Rd2 Bb7 21. Bf1 d5 22. cxd5 Rxd5 23. Re5
Rxd2 24. Qxd2 $13 {Aleksandrov,A-Tunik,G/Smolensk cup/1991/}) 13... Na5 14. Be3
Nxc4 15. Bxc4 Bxc4 16. Re1 (16. Rf2 Nf6 17. Qd4 b5 18. Rd2 Qc8 19. h3 Qb7 20.
Qe5 Rae8 21. Bd4 fxe4 22. Nh5 gxh5 23. Qg5+ Kh8 24. Bxf6+ $16 {Christiansen,
L-Rodriguez,R/Moscow izt/1982/}) 16... fxe4 17. Nxe4 Bd5 18. Qd3 bxc5 19. Nxc5
Nd6 20. Bd4 Rc8 21. Qe2 Nf5 22. Bf2 Rf7 23. c4 Ba8 24. Ne4 $10 {Agrest,
E-Mochalov,E/URS-chT Azov/1991/}) 12... exf5 13. dxc5 bxc5 14. Ng3 (14. Be3 Qa5
15. Ng3 Ne7 16. Re1 g6 17. Bf2 Rf7 18. Nf1 Nf6 19. Nd2 d6 20. Nf3 h6 21. Bh4
Kg7 22. Re6 Qc7 23. Qe2 Neg8 24. Re1 $36 {Ryskin-Mochalov/Minsk Sokol/1985/})
14... g6 15. Be3 Qa5 (15... d6 16. Bxf5 gxf5 17. Qd5+ Rf7 18. Qxc6 Bb7 19. Qa4
Qf6 20. Rfe1 Ng7 21. Qc2 h5 22. Nf1 h4 23. Ra2 h3 24. g3 $15 {Schlenga,
K-Schneider,A/Dortmund op/1988/}) 16. Bxf5 gxf5 17. Qxd7 Qc7 18. Qd5+ Kh8 19.
Qxc5 Qd6 20. Rfd1 Qxc5 21. Bxc5 Rf7 22. Rd5 Ng7 23. Bf2 Rc8 24. Rad1 {Markotic,
G-Masserey,Y/Genf op (1)/1991/0.5 (40)}) (11... f6 12. f5 Qe7 13. Nf4 Qf7 14.
Be3 e5 15. dxe5 Nxe5 16. Be2 Bxc4 17. Bh5 Qe7 18. Re1 Nc7 19. Bf2 Rfd8 20. Qc2
Bf7 21. Bg3 d6 22. Kh1 Bxh5 23. Nxh5 Qf7 24. Qe2 $17 {Dickenson-Karolyi/London
(7)/1987/}) 12. f5 exf5 (12... f6 13. Nf4 cxd4 14. Qh5 exf5 15. exf5 Nd6 16.
Rf3 Qe8 17. Ng6 Bxc4 18. Bf4 Bxd3 19. Rh3 Bxf5 20. Qxh7+ Kf7 21. Rg3 Ne4 22.
Ne5+ {0-1/Timman-Polugaevski/Tilburg/1983/}) 13. exf5 (13. Ng3 fxe4 14. Bxe4 d5
15. Bxd5 Bxc4 16. Bxc4 Nxc4 17. Qg4 cxd4 18. cxd4 Ncd6 19. Bd2 Nf6 20. Qf4 Qd7
21. Bb4 Rfd8 22. Rad1 {0,5/Rajkovic,D-Lau,R/Plovdiv/1983/}) 13... Nf6 (13...
Bxc4 14. f6 Nxf6 15. Bg5 $40) 14. Bg5 h6 15. Bh4 Bxc4 16. Nf4 d5 17. Nh5 Kh7 $8
(17... Re8 18. Bxf6 gxf6 19. Qg4+ Kf8 20. Rae1 $18) 18. Rf3 Rg8 19. Rh3 Bxd3
20. Qxd3 Nc4 21. Rf1 Rc8 22. Bg5 $1 Rc6 (22... hxg5 23. Nxf6#) 23. Nxg7 $1 Kxg7
24. Bxh6+ Kh8 25. Bf8+ (25. Bf8+ Nh7 26. Rxh7+ Kxh7 27. Qh3+ Rh6 28. Qxh6#) 1-0

[Event "EU-ch 6th"]
[Site "Warsaw"]
[Date "2005.07.01"]
[Round "13"]
[White "Beliavsky, Alexander G"]
[Black "Nisipeanu, Liviu Dieter"]
[Result "0-1"]
[WhiteElo "2630"]
[BlackElo "2670"]
[Annotator "Ftacnik,L"]
[PlyCount "98"]
[EventDate "2005.06.18"]
[EventType "swiss"]
[EventRounds "13"]
[EventCountry "POL"]
[SourceTitle "CBM 108"]
[Source "ChessBase"]
[SourceDate "2005.09.26"]
[SourceVersion "1"]
[SourceVersionDate "2005.09.26"]
[SourceQuality "1"]

{[%mdl 2]} 1. d4 Nf6 2. c4 e6 3. Nc3 Bb4 4. e3 O-O 5. a3 Bxc3+ 6. bxc3 c5 7.
Bd3 Nc6 8. Ne2 d6 9. e4 e5 10. O-O h6 11. d5 Ne7 12. f3 Ng6 13. Be3 Nh7 14. Qc2
{Beliavsky will try to open up the position for his two bishops, black his
hoping to exploit the permanent weakness of the enemy's pawn structure.} b6 (
14... Bd7 15. a4 (15. g3 Qc8 16. g4 h5 17. gxh5 Nh4 18. Ng3 Qd8 19. Nf5 Ng5 20.
Kh1 Nhxf3 21. Qg2 Bxf5 22. exf5 e4 23. Bxe4 Nxe4 24. Rxf3 {1-0 Agrest,
E-Lugovoi,A/St Petersburg 1992/ (27)}) 15... a5 16. Ng3 b6 17. Qd2 Qf6 18. Bc2
Rfe8 19. Rab1 Rab8 20. Rb2 Rb7 21. Rfb1 Reb8 {1/2-1/2 Balashov,Y-Gurevich,M/
Riga 1985/ (27)}) 15. Kh1 Bd7 16. g3 Qc7 17. f4 exf4 18. gxf4 f5 $2 {[%mdl 256]
Nisipeanu is making a mistake in the most critical moment of the game. With
his pawn move he helps the opening of the position and fuels the white's
attack. After the smart move 18...Nf6! his chances would be very fair.} (18...
Nf6 $1 19. Rae1 Rae8 $15) 19. Rg1 Nh4 (19... fxe4 $2 20. Bxe4 Rae8 21. Bxg6
Rxe3 22. Bxh7+ Kh8 23. Bd3 $18) 20. e5 $1 dxe5 21. fxe5 Ng5 (21... Qxe5 22.
Bxh6 Rf7 23. Rg3 $16) 22. Bxg5 $6 {The position is very interesting and
charged, each move is full of importance. It seems, that white had a chance to
prove the superiority of his concept with the support of his mighty pawn
center after 22.Bf4!} (22. Bf4 $1 Nh3 23. Raf1 Nxg1 (23... Nxf4 24. Rxf4 Qd8
25. e6 $18) 24. Rxg1 Qb7 (24... Nf3 25. e6 Qb7 26. Rf1 Bxe6 27. Rxf3 $18) (
24... Bc6 $5 25. Bxh6 (25. e6 Qb7 26. Rg3 Bxd5+ 27. cxd5 Qxd5+ 28. Kg1 Nf3+ 29.
Kf2 Nxh2 $13) 25... Qxe5 26. Nf4 (26. Rxg7+ Kh8 27. Rg3 Bxd5+ 28. cxd5 Qxd5+
29. Kg1 Rg8 30. c4) 26... Kh7 27. Qf2 gxh6 28. dxc6 Qf6 29. Nd5 Qxc6 30. Qxh4
$18) 25. Bxh6 Rf7 26. e6 $1 (26. Rg3 Kh7 27. Bc1 Rh8 28. Kg1 $18) 26... Bxe6
27. Nf4 Nf3 28. dxe6 Nxg1+ 29. Kxg1 Rff8 30. Bg5 $18) 22... hxg5 23. Rxg5 $2 (
23. e6 $1 Bxe6 24. Rxg5 Qd6 (24... Bc8 25. Rf1 $1 $18) 25. Rf1 Bxd5+ 26. cxd5
Qxd5+ 27. Kg1 Nf3+ 28. Rxf3 Qxf3 29. Rg3 $18) 23... Nf3 24. Rg3 Nxe5 25. Rag1
Rf7 $13 {Beliavsky is not better any more, but due to a great force of
innertia he continues with his attack. The grandmaster from Lvov is a great
fighter and the desire to win will prevent him from looking for the way out in
drawing lines.} (25... Ng4 26. R1g2 Qe5 27. Qd2 Rf7 28. Nf4 $14) 26. Nf4 (26.
Qd2 Qd6 27. Qf4 Re8 $11) 26... Nxd3 27. Nh5 (27. Qg2 Qxf4 28. Rxg7+ Kf8 29.
Rxf7+ Kxf7 30. Qg7+ Ke8 31. Qg8+ Ke7 32. Rg7+ Kd6 33. Rxd7+ Kxd7 34. Qe6+ $11)
27... Ne5 28. Rxg7+ Rxg7 29. Rxg7+ Kf8 30. Qg2 $2 {The balance is definitely
shifting to the defender's side, white could still have got a draw after the
best move 30.Qd2!} (30. Qd2 $1 Nf7 31. Qg2 Qe5 (31... Be8 32. Rg8+ Ke7 33. Rg6
$1 Rd8 34. Qe2+ Kf8 35. Nf6 $18) 32. Rg8+ Ke7 33. Rxa8 Qe1+ 34. Qg1 Qe4+ 35.
Qg2 Qe1+ $11) 30... Ng4 $1 31. Rxg4 (31. Qd2 f4 32. h3 Qe5 33. Rxd7 (33. hxg4
Bxg4 $19) 33... Ne3 $1 $17) 31... fxg4 32. Qf2+ Kg8 33. Qf6 (33. Nf6+ Kg7 34.
Nh5+ Kh6 35. Qf7 Qe5 $19) 33... Be8 34. Qg5+ {In the situation without rooks
white can only dream about perpetual check, but the opponent has enough pieces
at his disposal for averting the threats.} Kf8 35. Nf4 (35. Qh6+ Ke7 36. Qg5+
Kd7 (36... Kd6 37. Qh6+ Kd7 38. Nf6+ Ke7 39. Qg5) 37. Nf6+ Kd8 38. Nxe8+ Qe7
39. Nf6 Kc7 40. Qf4+ Kb7 41. Nxg4 Rf8 $17) 35... Bf7 36. Qf6 Ke8 37. d6 (37.
Qh8+ Ke7 38. Qxa8 Qxf4 $19) 37... Qb7+ 38. Kg1 Qe4 39. d7+ Kxd7 40. Qxf7+ Kc6 {
The fight is definitely over, since the black king can hide to a6 and the
stage will finally be enriched by the black rook.} 41. Qf6+ (41. Nd5 Qe1+ 42.
Kg2 Qe2+ $19) 41... Kb7 42. Nd5 Qe1+ 43. Kg2 Qe2+ 44. Kg1 Qd1+ 45. Kg2 Qf3+ 46.
Qxf3 gxf3+ 47. Kxf3 Rh8 48. Kg3 Ka6 49. Ne7 Re8 0-1